<?xml version="1.0" encoding="UTF-8"?>
<collection xmlns="http://www.loc.gov/MARC21/slim">
    <record>
        <controlfield tag="001">64696</controlfield>
        <controlfield tag="005">20180207125354.0</controlfield>
        <datafield tag="037" ind1=" " ind2=" ">
            <subfield code="a">TAZ-TFM-2016-677</subfield>
        </datafield>
        <datafield tag="041" ind1=" " ind2=" ">
            <subfield code="a">spa</subfield>
        </datafield>
        <datafield tag="100" ind1="1" ind2=" ">
            <subfield code="a">SANCHO RODRÍGUEZ, MARÍA LUISA</subfield>
        </datafield>
        <datafield tag="242" ind1="0" ind2="0">
            <subfield code="a">EVOLUTION OF PREMATURE PUBARCHE: AUXOLOGY, PUBERTAL  DEVELOPMENT   AND POSSIBLE ASSOCIATED DISEASES.</subfield>
        </datafield>
        <datafield tag="245" ind1="0" ind2="0">
            <subfield code="a">EVOLUCIÓN ESPONTÁNEA DE LA PUBARQUIA PRECOZ: AUXOLOGÍA, DESARROLLO PUBERAL Y POSIBLES PATOLOGÍAS ASOCIADAS.</subfield>
        </datafield>
        <datafield tag="260" ind1=" " ind2=" ">
            <subfield code="a">Zaragoza</subfield>
            <subfield code="b">Universidad de Zaragoza</subfield>
            <subfield code="c">2016</subfield>
        </datafield>
        <datafield tag="506" ind1=" " ind2=" ">
            <subfield code="a">by-nc-sa</subfield>
            <subfield code="b">Creative Commons</subfield>
            <subfield code="c">3.0</subfield>
            <subfield code="u">http://creativecommons.org/licenses/by-nc-sa/3.0/</subfield>
        </datafield>
        <datafield tag="520" ind1=" " ind2=" ">
            <subfield code="a">Introducción: La pubarquia precoz (PP) es el desarrollo de vello púbico antes de los 8 años en mujeres y 9 años en varones, por lo general es una enfermedad benigna, pero puede ser el primer signo de una enfermedad subyacente. Objetivo: Analizar la etiología y evolución de parámetros antropométricos, analíticos y de riesgo metabólico, en una cohorte de pacientes con PP. Material y métodos: Estudio retrospectivo observacional, descriptivo y analítico, mediante revisión de historias clínicas de pacientes afectas de PP. Se evaluaron medidas antropométricas, edad ósea, analíticas y marcadores de metabolismo lipídico. Resultados: Muestra de 92 pacientes (67 mujeres y 25 varones) con PP con edad media de 7,1 ± 0,6 años las mujeres y 8,3±0,7 los varones. El 7,7% fueron pequeños para la edad gestacional (PEG). La edad ósea estaba acelerada (1,2 ± 0,1 años). 21 pacientes fueron clasificados como PP idiopática (23%), 60 como adrenarquia precoz (65%) y 11 como hiperplasia suprarrenal congénita no clásica – HSCNC (9%). La pubertad se mostró adelantada en ambos sexos (11±0,9 años en varones vs 9,9±0,8 años en mujeres), así como la edad de la menarquia (11,8±1,1 años) en relación a la población control, p&lt;0,001. La talla final alcanzada es próxima a la talla genética. Existe una correlación positiva entre IMC SDS, glucemia y c-LDL, así como tendencia a hiperinsulinemia. Conclusiones: La causa más frecuente de PP es la adrenarquia precoz. Un 9% de los casos fue diagnosticado de HSCNC. Existe un adelanto puberal en ambos sexos, así como de la edad de menarquia. El crecimiento fue adecuado, alcanzando prácticamente su talla genética. La PP asociada a obesidad podría relacionarse con alteraciones analíticas de riesgo metabólico.</subfield>
        </datafield>
        <datafield tag="521" ind1=" " ind2=" ">
            <subfield code="a">Máster Universitario en Condicionantes Genéticos, Nutricionales y Ambientales del Crecimiento y Desarrollo</subfield>
        </datafield>
        <datafield tag="540" ind1=" " ind2=" ">
            <subfield code="a">Derechos regulados por licencia Creative Commons</subfield>
        </datafield>
        <datafield tag="700" ind1=" " ind2=" ">
            <subfield code="a">Bueno Lozano, Gloria</subfield>
            <subfield code="e">dir.</subfield>
        </datafield>
        <datafield tag="700" ind1=" " ind2=" ">
            <subfield code="a">De Arriba Muñoz, Antonio</subfield>
            <subfield code="e">dir.</subfield>
        </datafield>
        <datafield tag="710" ind1="2" ind2=" ">
            <subfield code="a">Universidad de Zaragoza</subfield>
            <subfield code="b">Pediatría, Radiología y Medicina Física</subfield>
            <subfield code="c">Pediatría</subfield>
        </datafield>
        <datafield tag="856" ind1="0" ind2=" ">
            <subfield code="f">727184@celes.unizar.es</subfield>
        </datafield>
        <datafield tag="856" ind1="4" ind2=" ">
            <subfield code="s">1192725</subfield>
            <subfield code="u">http://zaguan.unizar.es/record/64696/files/TAZ-TFM-2016-677.pdf</subfield>
            <subfield code="y">Memoria (spa)</subfield>
        </datafield>
        <datafield tag="909" ind1="C" ind2="O">
            <subfield code="o">oai:zaguan.unizar.es:64696</subfield>
            <subfield code="p">driver</subfield>
            <subfield code="p">trabajos-fin-master</subfield>
        </datafield>
        <datafield tag="950" ind1=" " ind2=" ">
            <subfield code="a"></subfield>
        </datafield>
        <datafield tag="951" ind1=" " ind2=" ">
            <subfield code="a">deposita:2018-02-07</subfield>
        </datafield>
        <datafield tag="980" ind1=" " ind2=" ">
            <subfield code="a">TAZ</subfield>
            <subfield code="b">TFM</subfield>
            <subfield code="c">MED</subfield>
        </datafield>
    </record>

    
</collection>